| 000 | 00668nam a22002650a 4500 | ||
|---|---|---|---|
| 001 | PT40008 | ||
| 003 | AR-LpoUNG | ||
| 005 | 20210131230653.0 | ||
| 008 | 191001s2005||||xxu|||||||||||||||||eng d | ||
| 020 |
_a0387219781 _c$58 |
||
| 040 |
_aAR-LpoUNG _bspa _cAR-LpoUNG _eaacr |
||
| 041 | _aeng | ||
| 044 | _axxu | ||
| 082 | 0 | _a510 23ess | |
| 100 | 1 | _aEdwards, Harold M. | |
| 245 | 1 | 0 | _aEssays in constructive mathematics |
| 250 | _a1ra. ed. | ||
| 260 |
_aNew York : _bSpringer-Verlag, _c2005. |
||
| 300 |
_axix, 211 p. : _bil. |
||
| 650 | 4 | _aENSAYO | |
| 650 | 4 | _aMATEMATICAS | |
| 651 | 4 | _aDOCUMENTOS TEORICOS O METODOLOGICOS | |
| 905 | _a40008 | ||
| 942 | _cLIB | ||
| 999 |
_c5532 _d5532 |
||